[Event "London Classic Open 2017"]
[Site "London ENG"]
[Date "2017.12.06"]
[Round "6.26"]
[White "Risting, Eivind Olav"]
[Black "Henderson de La Fuente, Lance"]
[Result "0-1"]
[WhiteTitle "FM"]
[WhiteElo "2279"]
[BlackElo "2419"]
[WhiteFideId "1517333"]
[BlackFideId "32096585"]
[EventDate "2017.12.02"]

1. e4 e6 2. d4 d5 3. Nc3 Nf6 4. Bg5 Bb4 5. e5 h6 6. Bd2 Bxc3 7. bxc3 Ne4 8. Bc1
Nxc3 9. Qg4 Kf8 10. Qg3 Ne4 11. Qa3+ Kg8 12. Ne2 b6 13. h4 Ba6 14. Rh3 c5 15. f3
cxd4 16. fxe4 dxe4 17. Ng3 Bxf1 18. Nxe4 Bc4 19. Nf6+ gxf6 20. Rg3+ Kh7 21. Qf3
Rg8 22. Bxh6 Rxg3 23. Qh5 Kg8 24. O-O-O Qe7 25. Rxd4 Rg6 26. Rg4 Nd7 27. Rxg6+
fxg6 28. Qxg6+ Kh8 29. exf6 Nxf6 30. Bg5 Qa3+ 31. Kd1 Rd8+ 32. Ke1 Qg3# 0-1

[Event "London Classic Open 2017"]
[Site "London ENG"]
[Date "2017.12.06"]
[Round "6.27"]
[White "Perez, Flavio"]
[Black "Arkell, Keith C"]
[Result "0-1"]
[WhiteTitle "FM"]
[BlackTitle "GM"]
[WhiteElo "2276"]
[BlackElo "2416"]
[WhiteFideId "623911"]
[BlackFideId "400270"]
[EventDate "2017.12.02"]

1. Nf3 Nf6 2. g3 d5 3. Bg2 g6 4. O-O Bg7 5. d4 c6 6. c4 O-O 7. Nc3 dxc4 8. Ne5
Be6 9. b3 cxb3 10. axb3 Nbd7 11. Nd3 Qb6 12. Na4 Qxb3 13. Qxb3 Bxb3 14. Nac5
Nxc5 15. Nxc5 Bc4 16. Nxb7 Nd5 17. Na5 Bb5 18. Be3 e5 19. Rac1 exd4 20. Nxc6
dxe3 21. Bxd5 exf2+ 22. Kxf2 Rae8 23. Rfe1 a6 24. e3 Bf6 25. Bf3 Kg7 26. Nd4 Re7
27. Nxb5 axb5 28. Bd5 b4 29. e4 Bc3 30. Red1 f5 31. exf5 Rxf5+ 32. Bf3 Rc7 33.
Rb1 Bf6 34. Rb3 Rc2+ 35. Kg1 Rc3 36. Rxc3 bxc3 37. Be4 Re5 38. Rd7+ Kh6 39. Bd3
Re1+ 40. Kf2 Rd1 41. Ke2 0-1

[Event "London Classic Open 2017"]
[Site "London ENG"]
[Date "2017.12.06"]
[Round "6.28"]
[White "Martins, David Pires Tavares"]
[Black "Klingher, Dominic"]
[Result "1-0"]
[WhiteTitle "IM"]
[WhiteElo "2400"]
[BlackElo "2153"]
[WhiteFideId "1909991"]
[BlackFideId "428850"]
[EventDate "2017.12.02"]

1. e4 e6 2. d4 d5 3. Nd2 Nf6 4. e5 Nfd7 5. c3 c5 6. f4 Nc6 7. Ndf3 Be7 8. Bd3
Qb6 9. Ne2 f6 10. a3 a5 11. Bc2 cxd4 12. cxd4 Qd8 13. O-O f5 14. Ng5 Nf8 15. Nc3
Bxg5 16. fxg5 Qb6 17. Be3 Nxe5 18. Re1 Nc4 19. Bxf5 exf5 20. Nxd5 Qc6 21. Nc7+
Kf7 22. Nxa8 b5 23. Qf3 Qxf3 24. gxf3 f4 25. Bxf4 Ne6 26. b3 Nxf4 27. bxc4 bxc4
28. Nb6 Ba6 29. Re5 Kg6 30. Rxa5 Bb7 31. Nxc4 Rd8 32. Rb1 Bc8 33. Rb8 Nh3+ 34.
Kg2 Nxg5 35. Kg3 h5 36. Rb6+ 1-0

[Event "London Classic Open 2017"]
[Site "London ENG"]
[Date "2017.12.06"]
[Round "6.29"]
[White "Kett, Tim"]
[Black "Baenziger, Fabian"]
[Result "1/2-1/2"]
[BlackTitle "FM"]
[WhiteElo "2204"]
[BlackElo "2400"]
[WhiteFideId "1801210"]
[BlackFideId "1330110"]
[EventDate "2017.12.02"]

1. d4 Nf6 2. Nf3 g6 3. g3 Bg7 4. Bg2 O-O 5. O-O d6 6. b3 a5 7. c4 c6 8. Nc3 Bf5
9. Nh4 Bc8 10. e4 e5 11. Bb2 Na6 12. dxe5 dxe5 13. Qxd8 Rxd8 14. Na4 Nd7 15.
Rad1 Re8 16. Bh3 Ndc5 17. Bxc8 Raxc8 18. Nxc5 Nxc5 19. f3 Rcd8 20. Bc3 b6 21.
Kf2 f6 22. Ke2 Bf8 23. Rxd8 Rxd8 24. Rd1 Re8 25. Ng2 Kf7 26. Ne1 Ke6 27. Nd3 Nb7
28. f4 Bd6 29. Kf3 Rc8 30. g4 b5 31. f5+ Ke7 32. h4 a4 33. bxa4 gxf5 34. exf5 b4
35. Bxb4 Ra8 36. Bxd6+ Nxd6 37. Nc5 Ra7 38. a5 Rxa5 39. Rxd6 Rxc5 40. Re6+ Kf7
41. g5 fxg5 42. hxg5 Rxc4 43. Rxe5 Ra4 44. Re2 c5 45. Rb2 c4 46. Rb7+ Kg8 47.
Rc7 Rxa2 48. Rc8+ Kf7 49. Rc7+ Kg8 50. Rxc4 Ra5 51. Rc8+ Kg7 52. Rc7+ Kh8 53.
Ke4 Kg8 54. Rd7 Rb5 55. Rd5 Rb8 56. Ke5 Re8+ 57. Kf6 Ra8 58. Ke7 Kg7 59. Rd8
Ra7+ 60. Rd7 Ra8 61. Ke6+ Kg8 62. f6 Ra6+ 63. Kf5 Ra5+ 64. Kg4 Ra4+ 65. Kf5 Ra5+
66. Kf4 Ra4+ 67. Ke5 Ra5+ 68. Rd5 Ra8 69. Kf5 Ra1 70. Rd8+ Kf7 71. Rd7+ Kg8 72.
Re7 Ra5+ 73. Re5 Ra1 74. Re8+ Kf7 75. Re7+ Kg8 76. Rg7+ Kh8 77. Rc7 Kg8 78. Ke6 1/2-1/2

[Event "London Classic Open 2017"]
[Site "London ENG"]
[Date "2017.12.06"]
[Round "6.30"]
[White "Bansal, Rohan"]
[Black "Munguntuul, Batkhuyag"]
[Result "0-1"]
[BlackTitle "IM"]
[WhiteElo "1971"]
[BlackElo "2397"]
[WhiteFideId "425052"]
[BlackFideId "4900758"]
[EventDate "2017.12.02"]

1. e4 c5 2. Nf3 e6 3. d4 cxd4 4. Nxd4 Nc6 5. g3 Qc7 6. Nc3 a6 7. a4 b6 8. Bg2
Bb7 9. O-O Nf6 10. Nb3 Be7 11. f4 Nb4 12. Be3 Rc8 13. Rf2 O-O 14. g4 d5 15. e5
Ne4 16. Bxe4 dxe4 17. Qd4 Bc5 18. Nxc5 bxc5 19. Qc4 Rfd8 20. Re1 Qc6 21. f5 Rd4
22. Qf1 Nd3 23. Rg2 Nxe1 24. Qxe1 Rd7 25. f6 Qc7 26. Qg3 gxf6 27. exf6 Qxg3 28.
Rxg3 Kh8 29. h4 c4 30. h5 Bc6 31. Ne2 e5 32. Nc3 Rb8 33. Bc1 Bxa4 34. g5 Bxc2
35. g6 fxg6 36. hxg6 hxg6 37. Rg2 Bd3 38. Bh6 Kh7 39. Bg5 Kg8 40. Bh6 Kf7 41.
Bg5 Rh8 42. Rd2 Rh5 43. Nxe4 Rd5 0-1

[Event "London Classic Open 2017"]
[Site "London ENG"]
[Date "2017.12.06"]
[Round "6.31"]
[White "Van Delft, Merijn"]
[Black "Hand, Freddie"]
[Result "1-0"]
[WhiteTitle "IM"]
[WhiteElo "2393"]
[BlackElo "2139"]
[WhiteFideId "1004670"]
[BlackFideId "436950"]
[EventDate "2017.12.02"]

1. e4 e5 2. Nf3 Nc6 3. Bb5 Nge7 4. Nc3 d6 5. d4 a6 6. Bc4 exd4 7. Nxd4 Nxd4 8.
Qxd4 Nc6 9. Qe3 Be6 10. Nd5 Be7 11. O-O O-O 12. Qc3 Ne5 13. Be2 Bxd5 14. exd5
Bf6 15. Qb3 Qd7 16. a4 c5 17. dxc6 bxc6 18. a5 Rfb8 19. Qa4 d5 20. c3 Qd6 21.
Rd1 Nd7 22. Qc2 Be5 23. g3 g6 24. Ra3 f5 25. b4 f4 26. c4 fxg3 27. hxg3 d4 28.
c5 Qc7 29. Qc4+ Kg7 30. Bb2 Re8 31. Rxd4 Nf6 32. Rf3 Rad8 33. Rxd8 Rxd8 34. Bxe5
Qxe5 35. Re3 Qa1+ 36. Kg2 Nd5 37. Rd3 Qe1 38. Bf3 Rf8 39. Qd4+ Kh6 40. Qh4+ Kg7
41. Qd4+ Kh6 42. Rd1 Qxb4 43. Rh1+ Kg5 44. Qe5+ Rf5 45. Rh5+ 1-0

[Event "London Classic Open 2017"]
[Site "London ENG"]
[Date "2017.12.06"]
[Round "6.32"]
[White "Yuan, Yuanling"]
[Black "Vishnu Prasanna, V"]
[Result "0-1"]
[WhiteTitle "WIM"]
[BlackTitle "GM"]
[WhiteElo "2243"]
[BlackElo "2536"]
[WhiteFideId "8604541"]
[BlackFideId "5030692"]
[EventDate "2017.12.02"]

1. e4 c5 2. Nf3 d6 3. d4 cxd4 4. Nxd4 Nf6 5. Nc3 a6 6. Be3 e5 7. Nb3 Be6 8. f3
Be7 9. Qd2 h5 10. Nd5 Nxd5 11. exd5 Bf5 12. Be2 Bh4+ 13. g3 Be7 14. c4 Nd7 15.
Na5 Qc7 16. b4 O-O 17. O-O Nf6 18. Bd3 Bh3 19. Rfe1 h4 20. Rac1 Qd7 21. Bf2 Rae8
22. Bb1 hxg3 23. hxg3 Bf5 24. c5 Bxb1 25. Rxb1 Bd8 26. Nc4 e4 27. fxe4 Nxe4 28.
Qd3 Nxf2 29. Kxf2 Rxe1 30. Rxe1 dxc5 31. bxc5 Qb5 32. Qd4 Bf6 33. Ne5 Rc8 34.
Rc1 Bxe5 35. Qxe5 Re8 36. Qg5 Qd3 37. Kg1 f6 38. Qf4 Re4 39. Qf2 Re2 40. Qf4 g5
41. Qb8+ Kg7 42. Qxb7+ Kh6 43. Qb3 Qd4+ 44. Kh1 Qe4+ 0-1

[Event "London Classic Open 2017"]
[Site "London ENG"]
[Date "2017.12.06"]
[Round "6.33"]
[White "Blasco Coll, Andreu"]
[Black "Gormally, Daniel W"]
[Result "0-1"]
[BlackTitle "GM"]
[WhiteElo "2236"]
[BlackElo "2477"]
[WhiteFideId "22272836"]
[BlackFideId "406465"]
[EventDate "2017.12.02"]

1. d4 e6 2. Nf3 Nf6 3. e3 c5 4. c4 cxd4 5. exd4 d5 6. Nc3 Bb4 7. a3 Bxc3+ 8.
bxc3 O-O 9. Bd3 dxc4 10. Bxc4 Qc7 11. Qd3 b6 12. O-O Bb7 13. Ne5 Nc6 14. f4 Na5
15. Ba2 Be4 16. Qg3 Bd5 17. Bb2 Ne4 18. Qd3 Bxa2 19. Qxe4 Bd5 20. Qe1 f6 21. Ng4
Nc4 22. Bc1 Qc6 23. Rf2 Rac8 24. Rc2 h5 25. Ne3 Nxe3 26. Qxe3 Bb3 27. Rd2 Qxc3
28. Qxc3 Rxc3 29. Bb2 Rc6 30. Rc1 Rxc1+ 31. Bxc1 Rc8 32. Bb2 Bd5 33. Kf2 Kf7 34.
Ke3 Kg6 35. Rf2 Kf5 36. Rd2 b5 37. Rf2 a5 38. Kd3 Be4+ 39. Ke3 Rc4 40. g3 b4 41.
h3 Bd5 42. Kd3 bxa3 43. Bxa3 Ra4 44. Bf8 Ra1 0-1

[Event "London Classic Open 2017"]
[Site "London ENG"]
[Date "2017.12.06"]
[Round "6.34"]
[White "Wells, Peter K"]
[Black "Duncan, Chris R"]
[Result "1-0"]
[WhiteTitle "GM"]
[BlackTitle "FM"]
[WhiteElo "2441"]
[BlackElo "2242"]
[WhiteFideId "400327"]
[BlackFideId "403091"]
[EventDate "2017.12.02"]

1. d4 d5 2. c4 c6 3. Nc3 Nf6 4. e3 e6 5. Nf3 Bd6 6. Bd3 dxc4 7. Bxc4 c5 8. dxc5
Bxc5 9. Qxd8+ Kxd8 10. Ne5 Ke7 11. Nd3 Nbd7 12. b3 b6 13. Nxc5 Nxc5 14. Ba3 Bd7
15. O-O Rhd8 16. f3 Rac8 17. e4 e5 18. Ba6 Rb8 19. f4 Ke8 20. fxe5 Ng4 21. Nb5
Bxb5 22. Bxb5+ Ke7 23. Rac1 Rbc8 24. b4 Ne6 25. Bc6 Rd3 26. Rf3 Rxf3 27. gxf3
Nxe5 28. b5+ Kf6 29. Bb2 Nf4 30. Rd1 Ke6 31. Bxe5 Kxe5 32. Rd7 Ke6 33. Rxa7 Rd8
34. Kf2 g5 35. a4 Rd2+ 36. Ke1 Ra2 37. Be8 Ke5 38. Bxf7 Nd3+ 39. Kf1 Rb2 40. Rd7
Nc5 41. Rd5+ Kf4 42. Rf5+ Ke3 43. e5 Nd3 44. e6 Rb1+ 45. Kg2 Rb2+ 46. Kg3 Rb1
47. Rxg5 Rg1+ 48. Kh4 Rh1 49. e7 Kxf3 50. Bd5+ 1-0

[Event "London Classic Open 2017"]
[Site "London ENG"]
[Date "2017.12.06"]
[Round "6.35"]
[White "Semprun Martinez, Fernando"]
[Black "Cherniaev, Alexander"]
[Result "0-1"]
[BlackTitle "GM"]
[WhiteElo "2205"]
[BlackElo "2436"]
[WhiteFideId "2203170"]
[BlackFideId "4117301"]
[EventDate "2017.12.02"]

1. e4 c6 2. d4 d5 3. e5 Bf5 4. Nf3 e6 5. Be2 Bb4+ 6. c3 Ba5 7. O-O Nd7 8. Bg5
Ne7 9. Nbd2 h6 10. Be3 g5 11. Ne1 Bg6 12. b4 Bc7 13. Nb3 b6 14. Nd3 Nf5 15. Bd2
Qe7 16. a4 f6 17. Bh5 Bxh5 18. Qxh5+ Qf7 19. Qxf7+ Kxf7 20. g4 Nh4 21. f4 gxf4
22. b5 c5 23. dxc5 fxe5 24. a5 bxc5 25. Nbxc5 Nxc5 26. Nxc5 Rhg8 27. h3 h5 28.
Be1 Nf5 0-1

[Event "London Classic Open 2017"]
[Site "London ENG"]
[Date "2017.12.06"]
[Round "6.36"]
[White "Brooks, Phil J"]
[Black "Arjun, Kalyan"]
[Result "0-1"]
[WhiteElo "2192"]
[BlackElo "2419"]
[WhiteFideId "405540"]
[BlackFideId "35018701"]
[EventDate "2017.12.02"]

1. d4 d5 2. c4 c6 3. cxd5 cxd5 4. Nc3 Nf6 5. Bf4 Nc6 6. e3 Bg4 7. Qb3 Na5 8.
Qa4+ Bd7 9. Qc2 e6 10. Bd3 Be7 11. h3 Ne4 12. Nge2 f5 13. O-O O-O 14. f3 Nxc3
15. Nxc3 Rc8 16. Qe2 Qb6 17. Rac1 Nc4 18. b3 Nd6 19. Rfd1 Qa5 20. Qb2 b5 21. b4
Qb6 22. Bxd6 Bxd6 23. f4 Ra8 24. Rb1 Kh8 25. Kh1 Rg8 26. Ne2 a5 27. a3 g5 28.
fxg5 Rxg5 29. Nf4 Qd8 30. Bf1 Rg3 31. Qf2 Qh4 32. Rb2 a4 33. Rc2 Rag8 34. Rd3
R8g5 35. Rdc3 Kg8 36. Rd3 Kf7 37. Rdc3 Ke7 38. Nd3 Rh5 39. Nc5 Bxc5 40. bxc5 Bc6
41. Kh2 Rhg5 42. Kh1 Kf6 43. Rd3 h5 44. Qd2 Rg8 45. Qf2 Qg5 46. Qf4 Rxh3+ 47.
Kg1 Qxf4 48. exf4 Rxd3 49. Bxd3 Rb8 50. Rb2 b4 51. Rxb4 Rxb4 52. axb4 a3 53. Bb1
Bb5 54. Kh2 Ke7 55. Kg3 Kd7 56. Kh4 Kc6 57. Kxh5 Bd3 58. Ba2 Bc4 59. Bb1 Kb5 60.
Kg5 Kxb4 61. g4 fxg4 62. Kxg4 Kc3 63. c6 Kb2 64. c7 Ba6 65. f5 exf5+ 66. Bxf5 a2 0-1

[Event "London Classic Open 2017"]
[Site "London ENG"]
[Date "2017.12.06"]
[Round "6.37"]
[White "Hansen, Torbjorn Ringdal"]
[Black "Britton, Richard L"]
[Result "1-0"]
[WhiteTitle "GM"]
[BlackTitle "FM"]
[WhiteElo "2408"]
[BlackElo "2239"]
[WhiteFideId "1501720"]
[BlackFideId "401692"]
[EventDate "2017.12.02"]

1. e4 c5 2. Nf3 d6 3. d4 cxd4 4. Nxd4 Nf6 5. Nc3 a6 6. Be2 e5 7. Nf3 Qc7 8. Nd2
Be6 9. Nf1 Nbd7 10. Ne3 Qc6 11. Bf3 Be7 12. O-O Rc8 13. Ncd5 Bxd5 14. exd5 Qc7
15. c4 g6 16. b4 O-O 17. Bb2 Ne8 18. Rc1 f5 19. c5 dxc5 20. d6 Bxd6 21. Qb3+ Kg7
22. Rfd1 b5 23. Nd5 Qa7 24. bxc5 Nxc5 25. Qe3 Qb8 26. Ne7 f4 27. Qe2 Nf6 28.
Nxc8 Rxc8 29. Qd2 Ne8 30. Qxf4 1-0

[Event "London Classic Open 2017"]
[Site "London ENG"]
[Date "2017.12.06"]
[Round "6.38"]
[White "Willmoth, Robert F"]
[Black "Houska, Jovanka"]
[Result "0-1"]
[WhiteTitle "CM"]
[BlackTitle "IM"]
[WhiteElo "2202"]
[BlackElo "2407"]
[WhiteFideId "402540"]
[BlackFideId "405094"]
[EventDate "2017.12.02"]

1. d4 d5 2. c4 e6 3. g3 Nf6 4. Nf3 Bb4+ 5. Bd2 Be7 6. Nc3 O-O 7. Bg2 dxc4 8. Qa4
a6 9. Qxc4 b5 10. Qb3 Bb7 11. O-O Nbd7 12. Rfd1 Rc8 13. Bg5 c5 14. dxc5 Qe8 15.
Qa3 Bxc5 16. Qb3 Qe7 17. Nd4 Bxg2 18. Kxg2 h6 19. Bxf6 Nxf6 20. e3 Qb7+ 21. Kg1
Rfd8 22. Nde2 Qf3 23. Rxd8+ Rxd8 0-1

[Event "London Classic Open 2017"]
[Site "London ENG"]
[Date "2017.12.06"]
[Round "6.39"]
[White "McDonald, Neil"]
[Black "Bremner, Adam"]
[Result "1-0"]
[WhiteTitle "GM"]
[BlackTitle "CM"]
[WhiteElo "2397"]
[BlackElo "2231"]
[WhiteFideId "400629"]
[BlackFideId "2400847"]
[EventDate "2017.12.02"]

1. e4 c5 2. Nf3 d6 3. Bb5+ Bd7 4. Bxd7+ Qxd7 5. c4 Nf6 6. Nc3 g6 7. d4 cxd4 8.
Nxd4 Bg7 9. f3 O-O 10. Be3 Rc8 11. b3 Nc6 12. Rc1 e6 13. O-O Rd8 14. Qd2 Nxd4
15. Bxd4 Qc6 16. Rfd1 a6 17. Kh1 Ne8 18. Be3 Rac8 19. a4 Bxc3 20. Rxc3 b5 21. a5
bxc4 22. Bb6 Rd7 23. Rxc4 Qb7 24. Rxc8 Qxc8 25. Rc1 Qb7 26. Qc3 f6 27. h3 d5 28.
e5 f5 29. b4 d4 30. Qc4 Qd5 31. Qc8 Kf7 32. Rc5 Qb7 33. Qxb7 Rxb7 34. Kg1 d3 35.
Kf2 Rd7 36. Ke1 Rd4 37. b5 axb5 38. a6 Ra4 39. a7 b4 40. Ra5 1-0

[Event "London Classic Open 2017"]
[Site "London ENG"]
[Date "2017.12.06"]
[Round "6.40"]
[White "Milliet, Sophie"]
[Black "Barj, Julien"]
[Result "1-0"]
[WhiteTitle "IM"]
[WhiteElo "2392"]
[BlackElo "2226"]
[WhiteFideId "623725"]
[BlackFideId "629200"]
[EventDate "2017.12.02"]

1. e4 c5 2. Nf3 d6 3. d4 cxd4 4. Nxd4 Nf6 5. Nc3 a6 6. g3 e5 7. Nde2 h6 8. Bg2
Be7 9. O-O O-O 10. h3 Nbd7 11. a4 Qc7 12. g4 Rb8 13. Ng3 Re8 14. Nf5 b5 15. axb5
axb5 16. Bxh6 b4 17. Nd5 Nxd5 18. Nxg7 N5f6 19. g5 1-0

[Event "London Classic Open 2017"]
[Site "London ENG"]
[Date "2017.12.06"]
[Round "6.41"]
[White "Sai Agni Jeevitesh, J"]
[Black "Stigar, Petter"]
[Result "1-0"]
[WhiteTitle "FM"]
[BlackTitle "FM"]
[WhiteElo "2384"]
[BlackElo "2214"]
[WhiteFideId "5070147"]
[BlackFideId "1500341"]
[EventDate "2017.12.02"]

1. d4 d5 2. c4 dxc4 3. Nf3 Nf6 4. e3 b5 5. a4 b4 6. Bxc4 e6 7. O-O Be7 8. Qe2
O-O 9. Nbd2 Bb7 10. b3 c5 11. Bb2 Nbd7 12. Rfd1 Rc8 13. dxc5 Qc7 14. Rac1 Nxc5
15. Be5 Qb6 16. Bb5 a6 17. Bd3 Nxd3 18. Qxd3 Rfd8 19. Rxc8 Rxc8 20. Nc4 Qc5 21.
Bd6 Bxd6 22. Qxd6 Qxd6 23. Rxd6 Ne4 24. Rb6 Nc5 25. Rxb4 Kf8 26. Nfd2 Rd8 27. f3
Rd3 28. Kf1 Bd5 29. Ke2 Rc3 30. Na5 e5 31. e4 Be6 32. Nc6 Nd7 33. Nd8 Nc5 34.
Nxe6+ Nxe6 35. a5 Nd4+ 36. Kd1 Re3 37. Rb6 Re2 38. Rxa6 Rxg2 39. Kc1 Rg1+ 40.
Kb2 Rg2 41. Kc3 Ne2+ 42. Kb4 Nd4 43. Nc4 Nxf3 44. Ra8+ 1-0

[Event "London Classic Open 2017"]
[Site "London ENG"]
[Date "2017.12.06"]
[Round "6.42"]
[White "Caglar, Sila"]
[Black "Zujev, Oleg"]
[Result "0-1"]
[WhiteTitle "WFM"]
[WhiteElo "2167"]
[BlackElo "2381"]
[WhiteFideId "6364063"]
[BlackFideId "12801585"]
[EventDate "2017.12.02"]

1. e4 c5 2. Nf3 e6 3. d4 cxd4 4. Nxd4 a6 5. Bd3 g6 6. O-O Bg7 7. Be3 Ne7 8. Nd2
O-O 9. c3 d5 10. N4b3 Nbc6 11. f4 e5 12. Nf3 exf4 13. Bxf4 Qb6+ 14. Kh1 Bg4 15.
Qe1 dxe4 16. Bxe4 Bf5 17. Bxc6 Nxc6 18. Qh4 Qd8 19. Bg5 f6 20. Be3 Qd3 21. Rae1
Rfe8 22. Nc5 Qb5 23. a4 Qxb2 24. Qc4+ Kh8 25. Nh4 Ne5 26. Qd5 Rad8 27. Qxb7 Qxc3
28. Nxf5 gxf5 29. Bg1 a5 30. Rd1 Rb8 31. Qd5 Qc4 32. Qd2 Qg4 33. h3 Qg6 34. Qxa5
Bh6 35. Qc3 Rg8 36. Rf2 Bf4 37. Qc2 Be3 38. Rxf5 Bxg1 39. Rxg1 Nf3 40. Nd7 Rbc8
41. Nc5 Nd4 0-1

[Event "London Classic Open 2017"]
[Site "London ENG"]
[Date "2017.12.06"]
[Round "6.43"]
[White "Van Zyl-Rudd, Jack"]
[Black "Bates, Richard A"]
[Result "1/2-1/2"]
[WhiteTitle "FM"]
[BlackTitle "IM"]
[WhiteElo "2153"]
[BlackElo "2378"]
[WhiteFideId "14309017"]
[BlackFideId "403555"]
[EventDate "2017.12.02"]

1. d4 Nf6 2. c4 g6 3. Nc3 Bg7 4. Nf3 O-O 5. Bg5 d6 6. e3 c5 7. Be2 h6 8. Bh4 Bf5
9. O-O Nc6 10. d5 Na5 11. Bd3 Bxd3 12. Qxd3 a6 13. a3 b5 14. cxb5 axb5 15. Qxb5
Rb8 16. Qe2 Rb3 17. Rab1 Qa8 18. Nd2 Rbb8 19. e4 1/2-1/2

[Event "London Classic Open 2017"]
[Site "London ENG"]
[Date "2017.12.06"]
[Round "6.44"]
[White "Krishna Teja, N"]
[Black "Hill, Alistair"]
[Result "1-0"]
[WhiteTitle "IM"]
[WhiteElo "2368"]
[BlackElo "2179"]
[WhiteFideId "5001498"]
[BlackFideId "432407"]
[EventDate "2017.12.02"]

1. d4 Nf6 2. c4 g6 3. Nc3 d5 4. cxd5 Nxd5 5. e4 Nxc3 6. bxc3 Bg7 7. Be3 c5 8.
Nf3 Qa5 9. Qd2 Nc6 10. Rb1 a6 11. Rc1 cxd4 12. cxd4 Qxd2+ 13. Kxd2 e6 14. Bd3
O-O 15. Rc4 Bd7 16. Rhc1 Rac8 17. g4 f5 18. gxf5 gxf5 19. exf5 exf5 20. d5 Ne5
21. Nxe5 Bxe5 22. Rg1+ Kf7 23. Rh4 Rh8 24. Rh5 Ke7 25. Bxf5 Bxf5 26. Rxf5 Kd6
27. Rgg5 Bb2 28. Rf7 b5 29. Rh5 Bc1+ 30. Kd3 Bxe3 31. fxe3 a5 32. e4 Kc5 33.
Rhxh7 Rxh7 34. Rxh7 a4 35. a3 Rf8 36. Rc7+ Kd6 37. Rc6+ Kd7 38. Kd4 Rf3 39. Rc3 1-0

[Event "London Classic Open 2017"]
[Site "London ENG"]
[Date "2017.12.06"]
[Round "6.45"]
[White "Beinoras, Mindaugas"]
[Black "Pedersen, Carsten"]
[Result "1/2-1/2"]
[WhiteTitle "IM"]
[WhiteElo "2353"]
[BlackElo "2144"]
[WhiteFideId "12802085"]
[BlackFideId "1409760"]
[EventDate "2017.12.02"]

1. d4 Nf6 2. c4 Nc6 3. Nf3 e6 4. Nc3 Bb4 5. Bg5 h6 6. Bh4 g5 7. Bg3 Ne4 8. Rc1
h5 9. d5 h4 10. Bxc7 Qxc7 11. dxc6 Qb6 12. e3 dxc6 13. Qd4 Qxd4 14. exd4 Nxc3
15. bxc3 Be7 16. Ne5 Ba3 17. Rb1 f6 18. Nd3 Bd6 19. Be2 Kd8 20. O-O Rg8 21. h3
Kc7 22. f4 gxf4 23. c5 Be7 24. Rxf4 f5 25. Rf2 b6 26. cxb6+ axb6 27. Bf3 Ra3 28.
Rb3 Bd7 29. Rfb2 Rxb3 30. axb3 Ra8 31. b4 Ra3 32. Rc2 Bf6 33. Ne5 Be8 34. Kf2 c5
35. bxc5 bxc5 36. Rb2 Rxc3 37. Rb7+ Kc8 38. Rb6 Bd7 39. Ra6 Rc2+ 40. Ke3 Bg5+
41. Kd3 Rd2+ 42. Kc4 Rxd4+ 43. Kxc5 Be3 44. Ra8+ Kc7 45. Nxd7 Rxd7+ 46. Kc4 Rd4+
47. Kc3 Kd7 48. Ra2 Rd6 49. Ra4 Bf2 50. Ra2 Be1+ 51. Kc4 e5 52. Bd5 Ke7 53. Kc5
Rd8 54. Ra6 Bf2+ 55. Kc4 Rd6 56. Rxd6 Kxd6 57. Bb7 e4 1/2-1/2

[Event "London Classic Open 2017"]
[Site "London ENG"]
[Date "2017.12.06"]
[Round "6.46"]
[White "Olson, Hamish"]
[Black "Quillan, Gary"]
[Result "1/2-1/2"]
[BlackTitle "IM"]
[WhiteElo "2146"]
[BlackElo "2344"]
[WhiteFideId "2404257"]
[BlackFideId "401153"]
[EventDate "2017.12.02"]

1. d4 e6 2. Nf3 Nf6 3. e3 c5 4. Bd3 Be7 5. dxc5 Qa5+ 6. Nbd2 Qxc5 7. O-O O-O 8.
a3 b6 9. b4 Qc7 10. Bb2 d6 11. c4 Bb7 12. Qb3 Nbd7 13. Rac1 Rad8 14. Bb1 Qb8 15.
e4 Rfe8 16. Nd4 Qa8 17. Qg3 Bf8 18. Nb5 Qb8 19. Bd4 a6 20. Nc3 a5 21. b5 g6 22.
Na4 Ba8 23. Nxb6 Nh5 24. Nxd7 Nxg3 25. Nxb8 Nxf1 26. Kxf1 Rxb8 27. Nb3 d5 28. a4
Ba3 29. exd5 Bxc1 30. Nxc1 Rbc8 31. Bd3 Bxd5 32. c5 e5 33. Be3 f5 34. f3 f4 35.
Bf2 e4 36. fxe4 Bxe4 37. Bc4+ Kg7 38. Nb3 Rcd8 39. Nd4 Kf6 40. b6 Ke5 41. Nf3+
Kf5 42. Nd4+ Ke5 43. Nf3+ Kf5 44. Nd4+ 1/2-1/2

[Event "London Classic Open 2017"]
[Site "London ENG"]
[Date "2017.12.06"]
[Round "6.47"]
[White "Woong, Zhi Wei William"]
[Black "Radovanovic, Jovica"]
[Result "1/2-1/2"]
[WhiteTitle "CM"]
[BlackTitle "FM"]
[WhiteElo "2137"]
[BlackElo "2320"]
[WhiteFideId "5804906"]
[BlackFideId "915912"]
[EventDate "2017.12.02"]

1. e4 c5 2. Nf3 d6 3. Bb5+ Nd7 4. O-O Nf6 5. Re1 a6 6. Bxd7+ Nxd7 7. d4 e6 8. c4
Be7 9. e5 O-O 10. exd6 Bxd6 11. Nc3 cxd4 12. Qxd4 Bc5 13. Qg4 f5 14. Qg5 Nf6 15.
Be3 Bd6 16. Bd4 Qc7 17. Be5 Bxe5 18. Nxe5 Ne4 19. Nxe4 Qxe5 20. b3 Bd7 21. Nd2
Qf6 22. Qf4 Bc6 23. Nf3 Qg6 24. Qg5 Bxf3 25. Qxg6 hxg6 26. gxf3 Kf7 27. Rad1
Rad8 28. f4 Ke7 29. Kg2 Rh8 30. Kg3 Rxd1 31. Rxd1 Rh5 32. h4 Rh8 33. c5 Rc8 34.
b4 Rc6 35. Kf3 a5 36. a3 axb4 37. axb4 Ra6 38. Ke3 Ra4 39. Rd4 Ra3+ 40. Rd3 Ra4
41. Rd4 Ra3+ 42. Rd3 Ra4 43. Rd4 1/2-1/2

[Event "London Classic Open 2017"]
[Site "London ENG"]
[Date "2017.12.06"]
[Round "6.48"]
[White "Derakhshani, Borna"]
[Black "Stanisz, Patryk"]
[Result "0-1"]
[WhiteTitle "FM"]
[WhiteElo "2298"]
[BlackElo "2150"]
[WhiteFideId "12518450"]
[BlackFideId "1123106"]
[EventDate "2017.12.02"]

1. d4 d5 2. Bf4 Nf6 3. e3 e6 4. Nd2 c5 5. c3 Nc6 6. Ngf3 cxd4 7. exd4 Nh5 8. Be3
Bd6 9. Ne5 g6 10. Ndf3 f6 11. Nd3 O-O 12. Be2 Qc7 13. Qd2 Ng7 14. O-O Nf5 15.
Rac1 Nxe3 16. Qxe3 e5 17. dxe5 fxe5 18. Nb4 Nxb4 19. cxb4 Qe7 20. Rxc8 Raxc8 21.
Qb3 e4 22. Qxd5+ Kh8 23. Qd4+ Rf6 24. Ng5 Qe5 25. Qxe5 Bxe5 26. Nxe4 Rf4 27. Bf3
Bxb2 28. Nd6 Rc1 29. Rxc1 Bxc1 30. b5 Rb4 31. g3 Ba3 32. Kg2 Rb2 33. Nc4 Rxa2
34. Nxa3 Rxa3 35. Bxb7 Kg7 36. h4 Rb3 37. Bc6 Kf6 38. Kh3 Rc3 39. Be4 Ke5 40. f3
Rc5 41. h5 gxh5 42. Kh4 Rxb5 43. Kxh5 a5 44. Bxh7 Kf6+ 45. Kh6 Rb2 46. Bg6 Rh2+
47. Bh5 Rxh5+ 0-1